Giảng văn văn học dân gian Việt Nam

.

Kaydedildi:
Detaylı Bibliyografya
Yazar: Vũ Anh Tuấn
Diğer Yazarlar: Nguyễn Xuân Lạc
Materyal Türü: Kitap
Dil:Vietnamese
Baskı/Yayın Bilgisi: H. Giaó dục 1995
Edisyon:In lần thứ 2
Konular:
Etiketler: Etiketle
Etiket eklenmemiş, İlk siz ekleyin!
Thư viện lưu trữ: Mạng thư viện Đại học Đà Nẵng
LEADER 01134nam a2200373 4500
001 000004130
003 260
005 20121211001253.0
008 110715s1995 viesd
020 |c 10400 
041 0 |a vie 
082 |a 398.2  |b VU-T 
100 0 |a Vũ Anh Tuấn 
245 0 |a Giảng văn văn học dân gian Việt Nam  |c Vũ Anh Tuấn 
250 |a In lần thứ 2 
260 |a H.  |b Giaó dục  |c 1995 
300 |a 194 tr.  |c 21 cm 
520 |a . 
653 |a Vũ Anh Tuấn 
653 |a Văn học dân gian 
653 |a Giảng văn 
653 |a Việt Nam 
700 |a Nguyễn Xuân Lạc 
910 |a Tăng Thị Thu Sương  |d 15/7/2011 
OWN |a LSP 
AVA |a UDN50  |b LSP  |d 398.2 VU-T  |e available  |t Error 5001 Not defined in file expand_doc_bib_avail.  |f 3  |g 1  |h N  |i 0  |k 1 
999 |a From the UDN01 
AVA |a UDN50  |b LSP  |d 398.2 VU-T  |e available  |t Error 5001 Not defined in file expand_doc_bib_avail.  |f 3  |g 1  |h N  |i 0  |k 1 
TYP |a Monograph 
TYP |a Printed language 
980 |a Mạng thư viện Đại học Đà Nẵng